Dokumentácia práce interného kontrolóra
Práca s dokumentáciou interného kontrolóra v účtovnej jednotke vyžaduje, aby ňou interný kontrolór preukázal postup prác na vybranom predmete, prípadne argumentoval navrhované riešenia na zlepšenie zistenej situácie. Dokumentácia je fundamentálnym základom aj pre samotné hodnotenie práce interného k...
Na minha lista:
| Autor principal: | |
|---|---|
| Outros Autores: | |
| Formato: | Capítulo de Livro |
| Idioma: | eslovaco |
| Assuntos: | |
| Tags: |
Sem tags, seja o primeiro a adicionar uma tag!
|
MARC
| LEADER | 00000naa$a2200000$$$4500 | ||
|---|---|---|---|
| 001 | 0099639 | ||
| 005 | 20240502072109.4 | ||
| 041 | 0 | |a slo | |
| 044 | |a SK | ||
| 245 | 1 | 0 | |a Dokumentácia práce interného kontrolóra |c Mária Vépyová, Sylvia Kastlerová |
| 520 | |a Práca s dokumentáciou interného kontrolóra v účtovnej jednotke vyžaduje, aby ňou interný kontrolór preukázal postup prác na vybranom predmete, prípadne argumentoval navrhované riešenia na zlepšenie zistenej situácie. Dokumentácia je fundamentálnym základom aj pre samotné hodnotenie práce interného kontrolóra, dokázanie fungovania alebo aspoň pôsobenia vnútorného kontrolného systému a nepochybne môže znamenať obmedzenie analytických alebo substatntívnych testov pri výkone externého auditu. | ||
| 610 | 2 | 0 | |a jednotka účtovná |
| 610 | 2 | 0 | |a kontrola |
| 610 | 2 | 0 | |a kontrolóri |
| 610 | 2 | 0 | |a dokumentácia |
| 610 | 2 | 0 | |a dokumentácia účtovná |
| 100 | 1 | |a Vépyová, Mária | |
| 700 | 1 | |a Kastlerová, Sylvia | |